<?xml version="1.0" encoding="UTF-8"?>
<record
    xmlns:xsi="http://www.w3.org/2001/XMLSchema-instance"
    xsi:schemaLocation="http://www.loc.gov/MARC21/slim http://www.loc.gov/standards/marcxml/schema/MARC21slim.xsd"
    xmlns="http://www.loc.gov/MARC21/slim">

  <leader>01525cam a22003375a 4500</leader>
  <controlfield tag="001">ocn290580292</controlfield>
  <controlfield tag="003">OSt</controlfield>
  <controlfield tag="005">20170320114432.0</controlfield>
  <controlfield tag="008">070502s2007    enkb   frb    001 0 eng d</controlfield>
  <datafield tag="020" ind1=" " ind2=" ">
    <subfield code="z">9781845114763</subfield>
  </datafield>
  <datafield tag="020" ind1=" " ind2=" ">
    <subfield code="z">1845114760</subfield>
  </datafield>
  <datafield tag="035" ind1=" " ind2=" ">
    <subfield code="a">(OCoLC)ocn290580292</subfield>
  </datafield>
  <datafield tag="040" ind1=" " ind2=" ">
    <subfield code="a">CaPaEBR</subfield>
    <subfield code="b">eng</subfield>
    <subfield code="c">COCUF</subfield>
    <subfield code="d">OCLCQ</subfield>
    <subfield code="d">N$T</subfield>
    <subfield code="d">IUL</subfield>
    <subfield code="d">EG-ScBUE</subfield>
  </datafield>
  <datafield tag="043" ind1=" " ind2=" ">
    <subfield code="a">fb-----</subfield>
    <subfield code="a">f-rh---</subfield>
    <subfield code="a">f-sg---</subfield>
  </datafield>
  <datafield tag="082" ind1="0" ind2="4">
    <subfield code="a">378.1981096</subfield>
    <subfield code="b">ZEI</subfield>
    <subfield code="2">22</subfield>
  </datafield>
  <datafield tag="100" ind1="1" ind2=" ">
    <subfield code="a">Zeilig, Leo.</subfield>
  </datafield>
  <datafield tag="245" ind1="1" ind2="0">
    <subfield code="a">Revolt and protest :</subfield>
    <subfield code="b">student politics and activism in sub-Saharan Africa /</subfield>
    <subfield code="c">Leo Zeilig.</subfield>
  </datafield>
  <datafield tag="260" ind1=" " ind2=" ">
    <subfield code="a">London :</subfield>
    <subfield code="b">Tauris Academic Studies / I. B. Tauris,</subfield>
    <subfield code="c">2007.</subfield>
  </datafield>
  <datafield tag="300" ind1=" " ind2=" ">
    <subfield code="a">xxiii, 336 p. :</subfield>
    <subfield code="b">maps ;</subfield>
    <subfield code="c">24 cm.</subfield>
  </datafield>
  <datafield tag="490" ind1="0" ind2=" ">
    <subfield code="a">International library of African studies ;</subfield>
    <subfield code="v">20</subfield>
  </datafield>
  <datafield tag="504" ind1=" " ind2=" ">
    <subfield code="a">Includes bibliographical references (p. 274-326) and index.</subfield>
  </datafield>
  <datafield tag="505" ind1="0" ind2=" ">
    <subfield code="a">Politics, students and protest : the making of the student intelligentsia -- Contemporary student activism in sub-Saharan Africa -- Reform, revolt and student activism in Zimbabwe -- Political change and student resistance in Senegal -- Students of the transition speak : the meaning of student protest.</subfield>
  </datafield>
  <datafield tag="650" ind1=" " ind2="7">
    <subfield code="a">Students</subfield>
    <subfield code="x">Political activity</subfield>
    <subfield code="z">Africa, Sub-Saharan.</subfield>
    <subfield code="2">BUEsh</subfield>
  </datafield>
  <datafield tag="650" ind1=" " ind2="7">
    <subfield code="a">Student movements</subfield>
    <subfield code="z">Africa, Sub-Saharan.</subfield>
    <subfield code="2">BUEsh</subfield>
  </datafield>
  <datafield tag="650" ind1=" " ind2="7">
    <subfield code="a">College students</subfield>
    <subfield code="z">Africa, Sub-Saharan</subfield>
    <subfield code="x">Political activity.</subfield>
    <subfield code="2">BUEsh</subfield>
  </datafield>
  <datafield tag="650" ind1=" " ind2="7">
    <subfield code="a">Student movements</subfield>
    <subfield code="z">Zimbabwe.</subfield>
    <subfield code="2">BUEsh</subfield>
  </datafield>
  <datafield tag="650" ind1=" " ind2="7">
    <subfield code="a">Student movements</subfield>
    <subfield code="z">Senegal.</subfield>
    <subfield code="2">BUEsh</subfield>
  </datafield>
  <datafield tag="651" ind1=" " ind2=" ">
    <subfield code="2">BUEsh</subfield>
  </datafield>
  <datafield tag="653" ind1=" " ind2=" ">
    <subfield code="b">BUSBOL</subfield>
    <subfield code="c">March2017</subfield>
  </datafield>
  <datafield tag="942" ind1=" " ind2=" ">
    <subfield code="2">ddc</subfield>
  </datafield>
  <datafield tag="999" ind1=" " ind2=" ">
    <subfield code="c">24479</subfield>
    <subfield code="d">24451</subfield>
  </datafield>
  <datafield tag="952" ind1=" " ind2=" ">
    <subfield code="0">0</subfield>
    <subfield code="1">0</subfield>
    <subfield code="2">ddc</subfield>
    <subfield code="4">0</subfield>
    <subfield code="7">0</subfield>
    <subfield code="8">AUC</subfield>
    <subfield code="a">MAIN</subfield>
    <subfield code="b">MAIN</subfield>
    <subfield code="c">1ST</subfield>
    <subfield code="d">2017-03-20</subfield>
    <subfield code="e">Purchase</subfield>
    <subfield code="g">55.00</subfield>
    <subfield code="h">1700</subfield>
    <subfield code="l">0</subfield>
    <subfield code="o">378.1981096 ZEI</subfield>
    <subfield code="p">000045864</subfield>
    <subfield code="r">2025-07-15 00:00:00</subfield>
    <subfield code="v">68.75</subfield>
    <subfield code="y">BB</subfield>
  </datafield>
</record>
